|
|
|
|
| LEADER |
00000nam0a2200000 4500 |
| 001 |
53062 |
| 005 |
20231031044048.0 |
| 010 |
|
|
|a 5948360202
|
| 035 |
|
|
|a (RuTPU)RU\TPU\book\55642
|
| 090 |
|
|
|a 53062
|
| 100 |
|
|
|a 20030611d2003 k y0rusy50 ca
|
| 101 |
1 |
|
|a rus
|
| 102 |
|
|
|a RU
|
| 105 |
|
|
|a a z 001zy
|
| 200 |
1 |
|
|a Синхронизация. Фундаментальное нелинейное явление
|e пер. с англ.
|f А. С. Пиковский, М. Г. Розенблюм, Ю. Куртс
|
| 210 |
|
|
|a Москва
|c Техносфера
|d 2003
|
| 215 |
|
|
|a 496 с.
|c ил.
|
| 225 |
1 |
|
|a Мир физики и техники
|
| 320 |
|
|
|a Библиография в конце глав и с. 458-488.
|
| 320 |
|
|
|a Предметный указатель: с. 489-493
|
| 610 |
1 |
|
|a физика
|
| 610 |
1 |
|
|a нелинейная динамика
|
| 610 |
1 |
|
|a автоколебательные системы
|
| 610 |
1 |
|
|a фазы
|
| 610 |
1 |
|
|a синхронизация
|
| 610 |
1 |
|
|a автоколебания
|
| 610 |
1 |
|
|a осцилляторы
|
| 610 |
1 |
|
|a хаотические системы
|
| 610 |
1 |
|
|a внешние воздействия
|
| 610 |
1 |
|
|a сложные системы
|
| 675 |
|
|
|a 537.86
|v 3
|
| 700 |
|
1 |
|a Пиковский
|b А. С.
|
| 701 |
|
1 |
|a Розенблюм
|b М. Г.
|
| 701 |
|
1 |
|a Куртс
|b Ю.
|
| 801 |
|
1 |
|a RU
|b 63413507
|c 20030611
|g PSBO
|
| 801 |
|
2 |
|a RU
|b 63413507
|c 20140404
|g PSBO
|
| 942 |
|
|
|c BK
|